[Event "World Cup 2023 Open"]
[Site "Baku, Azerbaijan"]
[Date "2023.08.04"]
[Round "13.3"]
[White "Can Emre (TUR)"]
[Black "So Wesley (USA)"]
[Result "0-1"]
[WhiteFideId "6302181"]
[BlackFideId "5202213"]
[WhiteElo "2570"]
[BlackElo "2769"]

1. d4 {[%clk 00:25:17]} {[%emt 00:00:01]} Nf6 {[%clk 00:24:24]} {[%emt
00:00:57]} 2. c4 {[%clk 00:25:21]} {[%emt 00:00:06]} e6 {[%clk 00:24:29]}
{[%emt 00:00:05]} 3. Nf3 {[%clk 00:25:27]} {[%emt 00:00:04]} d5 {[%clk
00:24:38]} {[%emt 00:00:02]} 4. g3 {[%clk 00:25:34]} {[%emt 00:00:03]} Bb4+
{[%clk 00:24:47]} {[%emt 00:00:01]} 5. Bd2 {[%clk 00:25:40]} {[%emt 00:00:03]}
Be7 {[%clk 00:24:55]} {[%emt 00:00:02]} 6. Bg2 {[%clk 00:25:44]} {[%emt
00:00:05]} Nbd7 {[%clk 00:25:04]} {[%emt 00:00:02]} 7. Qc2 {[%clk 00:25:51]}
{[%emt 00:00:03]} O-O {[%clk 00:25:11]} {[%emt 00:00:02]} 8. O-O {[%clk
00:25:56]} {[%emt 00:00:05]} c6 {[%clk 00:25:20]} {[%emt 00:00:02]} 9. Bf4
{[%clk 00:25:59]} {[%emt 00:00:08]} b6 {[%clk 00:25:28]} {[%emt 00:00:03]} 10.
Rd1 {[%clk 00:25:17]} {[%emt 00:00:51]} Ba6 {[%clk 00:25:22]} {[%emt 00:00:16]}
11. cxd5 {[%clk 00:23:41]} {[%emt 00:01:47]} cxd5 {[%clk 00:25:27]} {[%emt
00:00:05]} 12. Nc3 {[%clk 00:23:16]} {[%emt 00:00:35]} b5 {[%clk 00:24:13]}
{[%emt 00:01:24]} 13. a4 {[%clk 00:22:17]} {[%emt 00:01:08]} b4 {[%clk
00:23:07]} {[%emt 00:01:17]} 14. Nb5 {[%clk 00:21:30]} {[%emt 00:00:57]} Rc8
{[%clk 00:23:04]} {[%emt 00:00:13]} 15. Qb3 {[%clk 00:17:19]} {[%emt 00:04:20]}
Qb6 {[%clk 00:22:44]} {[%emt 00:00:31]} 16. e3 {[%clk 00:16:18]} {[%emt
00:01:10]} Nh5 {[%clk 00:19:54]} {[%emt 00:03:01]} 17. Bf1 {[%clk 00:15:53]}
{[%emt 00:00:35]} Nxf4 {[%clk 00:15:05]} {[%emt 00:04:59]} 18. exf4 {[%clk
00:16:01]} {[%emt 00:00:02]} g6 {[%clk 00:15:10]} {[%emt 00:00:05]} 19. Rdc1
{[%clk 00:13:48]} {[%emt 00:02:23]} Rxc1 {[%clk 00:10:53]} {[%emt 00:04:27]} 20.
Rxc1 {[%clk 00:13:56]} {[%emt 00:00:02]} Rc8 {[%clk 00:10:53]} {[%emt
00:00:10]} 21. Rxc8+ {[%clk 00:13:51]} {[%emt 00:00:15]} Bxc8 {[%clk 00:11:01]}
{[%emt 00:00:01]} 22. Qc2 {[%clk 00:13:55]} {[%emt 00:00:07]} Bb7 {[%clk
00:10:56]} {[%emt 00:00:15]} 23. Nxa7 {[%clk 00:13:02]} {[%emt 00:01:03]} Bf8
{[%clk 00:05:39]} {[%emt 00:05:26]} 24. Nb5 {[%clk 00:12:47]} {[%emt 00:00:25]}
Bc6 {[%clk 00:05:42]} {[%emt 00:00:08]} 25. a5 {[%clk 00:08:11]} {[%emt
00:04:46]} Qb7 {[%clk 00:05:47]} {[%emt 00:00:05]} 26. Na7 {[%clk 00:08:19]}
{[%emt 00:00:02]} Nb8 {[%clk 00:05:16]} {[%emt 00:00:42]} 27. Nxc6 {[%clk
00:08:26]} {[%emt 00:00:03]} Nxc6 {[%clk 00:05:23]} {[%emt 00:00:03]} 28. Qa4
{[%clk 00:08:05]} {[%emt 00:00:30]} Bd6 {[%clk 00:03:39]} {[%emt 00:01:54]} 29.
Bb5 {[%clk 00:03:50]} {[%emt 00:04:25]} Na7 {[%clk 00:03:45]} {[%emt 00:00:05]}
30. Bd3 {[%clk 00:03:42]} {[%emt 00:00:17]} Qc6 {[%clk 00:03:42]} {[%emt
00:00:14]} 31. Qd1 {[%clk 00:03:13]} {[%emt 00:00:39]} Bc7 {[%clk 00:03:22]}
{[%emt 00:00:31]} 32. Ne5 {[%clk 00:02:37]} {[%emt 00:00:45]} Qd6 {[%clk
00:02:01]} {[%emt 00:01:31]} 33. Qa4 {[%clk 00:02:35]} {[%emt 00:00:13]} Qe7
{[%clk 00:01:42]} {[%emt 00:00:29]} 34. Nf3 {[%clk 00:01:18]} {[%emt 00:01:26]}
Qd8 {[%clk 00:01:17]} {[%emt 00:00:30]} 35. a6 {[%clk 00:01:24]} {[%emt
00:00:10]} Qe7 {[%clk 00:01:06]} {[%emt 00:00:20]} 36. Ne5 {[%clk 00:01:13]}
{[%emt 00:00:20]} Bb6 {[%clk 00:01:09]} {[%emt 00:00:08]} 37. Nf3 {[%clk
00:01:04]} {[%emt 00:00:19]} Kf8 {[%clk 00:01:06]} {[%emt 00:00:13]} 38. h4
{[%clk 00:01:09]} {[%emt 00:00:05]} h5 {[%clk 00:01:03]} {[%emt 00:00:13]} 39.
Kg2 {[%clk 00:01:08]} {[%emt 00:00:10]} Qd6 {[%clk 00:01:02]} {[%emt 00:00:11]}
40. Bb5 {[%clk 00:00:47]} {[%emt 00:00:31]} Ke7 {[%clk 00:00:59]} {[%emt
00:00:13]} 41. Kf1 {[%clk 00:00:48]} {[%emt 00:00:09]} Kf8 {[%clk 00:00:44]}
{[%emt 00:00:26]} 42. Ke2 {[%clk 00:00:55]} {[%emt 00:00:04]} Kg7 {[%clk
00:00:44]} {[%emt 00:00:10]} 43. Bd3 {[%clk 00:00:33]} {[%emt 00:00:31]} Kf8
{[%clk 00:00:44]} {[%emt 00:00:10]} 44. Ke3 {[%clk 00:00:35]} {[%emt 00:00:08]}
Nc6 {[%clk 00:00:46]} {[%emt 00:00:09]} 45. Qb5 {[%clk 00:00:26]} {[%emt
00:00:19]} Na7 {[%clk 00:00:49]} {[%emt 00:00:07]} 46. Qa4 {[%clk 00:00:32]}
{[%emt 00:00:03]} Nc6 {[%clk 00:00:58]} {[%emt 00:00:01]} 47. Qb5 {[%clk
00:00:18]} {[%emt 00:00:24]} Nxd4 {[%clk 00:00:43]} {[%emt 00:00:25]} 48. Nxd4
{[%clk 00:00:24]} {[%emt 00:00:04]} e5 {[%clk 00:00:52]} 49. Ke2 {[%clk
00:00:16]} {[%emt 00:00:20]} Bxd4 {[%clk 00:00:59]} {[%emt 00:00:03]} 50. b3
{[%clk 00:00:22]} {[%emt 00:00:03]} e4 {[%clk 00:01:01]} {[%emt 00:00:08]} 51.
Bc2 {[%clk 00:00:28]} {[%emt 00:00:04]} Kg7 {[%clk 00:01:05]} {[%emt 00:00:06]}
52. Qa5 {[%clk 00:00:22]} {[%emt 00:00:16]} Qc6 {[%clk 00:00:50]} {[%emt
00:00:25]} 53. Kd1 {[%clk 00:00:24]} {[%emt 00:00:08]} Qc3 {[%clk 00:00:45]}
{[%emt 00:00:15]} 54. Qxd5 {[%clk 00:00:27]} {[%emt 00:00:08]} Qf3+ {[%clk
00:00:34]} {[%emt 00:00:22]} 55. Kc1 {[%clk 00:00:24]} {[%emt 00:00:12]} Qxf2
{[%clk 00:00:39]} {[%emt 00:00:05]} 56. Qxe4 {[%clk 00:00:26]} {[%emt
00:00:08]} Be3+ {[%clk 00:00:31]} {[%emt 00:00:18]} 57. Kb2 {[%clk 00:00:21]}
{[%emt 00:00:15]} Qg1 {[%clk 00:00:32]} {[%emt 00:00:09]} 58. Bd3 {[%clk
00:00:14]} {[%emt 00:00:17]} Qf2+ {[%clk 00:00:15]} {[%emt 00:00:28]} 59. Kb1
{[%clk 00:00:17]} {[%emt 00:00:07]} Bd4 {[%clk 00:00:19]} {[%emt 00:00:06]} 60.
Qe2 {[%clk 00:00:12]} {[%emt 00:00:15]} Qxg3 {[%clk 00:00:26]} {[%emt
00:00:03]} 61. f5 {[%clk 00:00:13]} {[%emt 00:00:10]} Qxh4 {[%clk 00:00:26]}
{[%emt 00:00:10]} 62. fxg6 {[%clk 00:00:21]} {[%emt 00:00:02]} fxg6 {[%clk
00:00:34]} {[%emt 00:00:02]} 63. Qf1 {[%clk 00:00:12]} {[%emt 00:00:18]} Qh2
{[%clk 00:00:30]} {[%emt 00:00:14]} 64. Bc2 {[%clk 00:00:18]} {[%emt 00:00:05]}
Qd2 {[%clk 00:00:24]} {[%emt 00:00:14]} 65. Qh1 {[%clk 00:00:14]} {[%emt
00:00:14]} Qc3 {[%clk 00:00:29]} {[%emt 00:00:05]} 66. Qb7+ {[%clk 00:00:21]}
{[%emt 00:00:04]} Kh6 {[%clk 00:00:38]} {[%emt 00:00:01]} 67. Kc1 {[%clk
00:00:29]} {[%emt 00:00:02]} Qe1+ {[%clk 00:00:29]} {[%emt 00:00:18]} 68. Bd1
{[%clk 00:00:38]} {[%emt 00:00:01]} Be3+ {[%clk 00:00:38]} {[%emt 00:00:01]}
0-1

[Event "World Cup 2023 Open"]
[Site "Baku, Azerbaijan"]
[Date "2023.08.04"]
[Round "13.4"]
[White "Dragnev Valentin (AUT)"]
[Black "Vachier-Lagrave Maxime (FRA)"]
[Result "1/2-1/2"]
[WhiteFideId "1634852"]
[BlackFideId "623539"]
[WhiteElo "2576"]
[BlackElo "2739"]

1. e4 {[%clk 00:25:18]} {[%emt 00:00:01]} c5 {[%clk 00:25:19]} {[%emt
00:00:01]} 2. Nf3 {[%clk 00:25:26]} {[%emt 00:00:02]} d6 {[%clk 00:25:28]}
{[%emt 00:00:01]} 3. Nc3 {[%clk 00:25:33]} {[%emt 00:00:03]} Nf6 {[%clk
00:25:37]} {[%emt 00:00:01]} 4. d4 {[%clk 00:25:41]} {[%emt 00:00:02]} cxd4
{[%clk 00:25:46]} {[%emt 00:00:01]} 5. Qxd4 {[%clk 00:25:49]} {[%emt 00:00:02]}
Nc6 {[%clk 00:25:27]} {[%emt 00:00:29]} 6. Bb5 {[%clk 00:25:56]} {[%emt
00:00:03]} Bd7 {[%clk 00:25:29]} {[%emt 00:00:08]} 7. Bxc6 {[%clk 00:26:05]}
{[%emt 00:00:02]} Bxc6 {[%clk 00:25:37]} {[%emt 00:00:01]} 8. Bg5 {[%clk
00:26:12]} {[%emt 00:00:02]} e6 {[%clk 00:25:32]} {[%emt 00:00:15]} 9. O-O-O
{[%clk 00:26:17]} {[%emt 00:00:05]} Be7 {[%clk 00:25:40]} {[%emt 00:00:02]} 10.
Rhe1 {[%clk 00:26:12]} {[%emt 00:00:15]} O-O {[%clk 00:24:20]} {[%emt
00:01:30]} 11. e5 {[%clk 00:26:16]} {[%emt 00:00:05]} dxe5 {[%clk 00:24:25]}
{[%emt 00:00:06]} 12. Nxe5 {[%clk 00:26:21]} {[%emt 00:00:06]} Qa5 {[%clk
00:21:10]} {[%emt 00:03:24]} 13. Nxc6 {[%clk 00:22:15]} {[%emt 00:04:16]} Qxg5+
{[%clk 00:20:55]} {[%emt 00:00:25]} 14. f4 {[%clk 00:22:23]} {[%emt 00:00:02]}
Qc5 {[%clk 00:21:04]} {[%emt 00:00:01]} 15. Nxe7+ {[%clk 00:22:25]} {[%emt
00:00:08]} Qxe7 {[%clk 00:21:12]} {[%emt 00:00:01]} 16. f5 {[%clk 00:21:22]}
{[%emt 00:01:13]} Rfd8 {[%clk 00:20:35]} {[%emt 00:00:47]} 17. Qe3 {[%clk
00:20:58]} {[%emt 00:00:34]} Rxd1+ {[%clk 00:20:42]} {[%emt 00:00:03]} 18. Nxd1
{[%clk 00:21:04]} {[%emt 00:00:04]} Nd5 {[%clk 00:20:17]} {[%emt 00:00:35]} 19.
Qd2 {[%clk 00:21:04]} {[%emt 00:00:10]} Rd8 {[%clk 00:19:55]} {[%emt 00:00:31]}
20. fxe6 {[%clk 00:16:57]} {[%emt 00:04:17]} fxe6 {[%clk 00:19:46]} {[%emt
00:00:19]} 21. Kb1 {[%clk 00:16:37]} {[%emt 00:00:31]} Qf6 {[%clk 00:16:29]}
{[%emt 00:03:27]} 22. g3 {[%clk 00:14:49]} {[%emt 00:01:58]} a6 {[%clk
00:15:12]} {[%emt 00:01:27]} 23. a3 {[%clk 00:14:46]} {[%emt 00:00:14]} h6
{[%clk 00:14:56]} {[%emt 00:00:26]} 24. Qe2 {[%clk 00:14:06]} {[%emt 00:00:50]}
Rd6 {[%clk 00:14:42]} {[%emt 00:00:24]} 25. c4 {[%clk 00:12:59]} {[%emt
00:01:16]} Qf5+ {[%clk 00:14:10]} {[%emt 00:00:42]} 26. Ka2 {[%clk 00:11:14]}
{[%emt 00:01:56]} Nf6 {[%clk 00:14:18]} {[%emt 00:00:02]} 27. Nc3 {[%clk
00:11:22]} {[%emt 00:00:02]} Rc6 {[%clk 00:13:21]} {[%emt 00:01:06]} 28. Rd1
{[%clk 00:11:08]} {[%emt 00:00:24]} Qc5 {[%clk 00:12:53]} {[%emt 00:00:38]} 29.
Rd8+ {[%clk 00:11:05]} {[%emt 00:00:13]} Kf7 {[%clk 00:13:01]} {[%emt
00:00:02]} 30. Rb8 {[%clk 00:09:53]} {[%emt 00:01:21]} Qe7 {[%clk 00:11:21]}
{[%emt 00:01:50]} 31. Ne4 {[%clk 00:09:07]} {[%emt 00:00:57]} Qc7 {[%clk
00:10:38]} {[%emt 00:00:53]} 32. Nxf6 {[%clk 00:08:02]} {[%emt 00:01:15]} Qxb8
{[%clk 00:10:47]} {[%emt 00:00:01]} 33. Nd7 {[%clk 00:08:08]} {[%emt 00:00:04]}
Qd6 {[%clk 00:10:38]} {[%emt 00:00:19]} 34. Qh5+ {[%clk 00:05:19]} {[%emt
00:02:59]} Ke7 {[%clk 00:09:26]} {[%emt 00:01:22]} 35. Ne5 {[%clk 00:05:27]}
{[%emt 00:00:02]} Rc5 {[%clk 00:08:12]} {[%emt 00:01:25]} 36. Qf7+ {[%clk
00:05:23]} {[%emt 00:00:14]} Kd8 {[%clk 00:08:20]} {[%emt 00:00:01]} 37. Qg8+
{[%clk 00:05:17]} {[%emt 00:00:16]} Kc7 {[%clk 00:08:29]} {[%emt 00:00:01]} 38.
Qxg7+ {[%clk 00:05:25]} {[%emt 00:00:03]} Kc8 {[%clk 00:08:37]} {[%emt
00:00:01]} 39. Qg8+ {[%clk 00:05:24]} {[%emt 00:00:11]} Kc7 {[%clk 00:08:46]}
{[%emt 00:00:01]} 40. Qf7+ {[%clk 00:03:06]} {[%emt 00:02:27]} Kc8 {[%clk
00:07:44]} {[%emt 00:01:12]} 41. Qe8+ {[%clk 00:02:50]} {[%emt 00:00:27]} Kc7
{[%clk 00:07:53]} {[%emt 00:00:01]} 42. Qf7+ {[%clk 00:02:12]} {[%emt
00:00:48]} Kc8 {[%clk 00:08:01]} {[%emt 00:00:02]} 43. Qe8+ {[%clk 00:01:36]}
{[%emt 00:00:46]} Kc7 {[%clk 00:08:08]} {[%emt 00:00:03]} 44. Qf7+ {[%emt
00:00:02]} 1/2-1/2

[Event "World Cup 2023 Open"]
[Site "Baku, Azerbaijan"]
[Date "2023.08.04"]
[Round "13.5"]
[White "Grischuk Alexander (FID)"]
[Black "Daneshvar Bardiya (IRI)"]
[Result "1-0"]
[WhiteFideId "4126025"]
[BlackFideId "12576468"]
[WhiteElo "2736"]
[BlackElo "2577"]

1. e4 {[%clk 00:25:17]} {[%emt 00:00:03]} c6 {[%clk 00:25:19]} {[%emt
00:00:02]} 2. d4 {[%clk 00:25:22]} {[%emt 00:00:04]} d5 {[%clk 00:25:27]}
{[%emt 00:00:02]} 3. Nc3 {[%clk 00:25:30]} {[%emt 00:00:03]} dxe4 {[%clk
00:25:35]} {[%emt 00:00:03]} 4. Nxe4 {[%clk 00:25:37]} {[%emt 00:00:02]} Bf5
{[%clk 00:25:39]} {[%emt 00:00:06]} 5. Ng3 {[%clk 00:25:26]} {[%emt 00:00:21]}
Bg6 {[%clk 00:25:46]} {[%emt 00:00:03]} 6. Nf3 {[%clk 00:25:34]} {[%emt
00:00:01]} Nd7 {[%clk 00:25:42]} {[%emt 00:00:15]} 7. h4 {[%clk 00:25:29]}
{[%emt 00:00:15]} h6 {[%clk 00:25:50]} {[%emt 00:00:02]} 8. Bd3 {[%clk
00:25:36]} {[%emt 00:00:03]} Bxd3 {[%clk 00:25:45]} {[%emt 00:00:15]} 9. Qxd3
{[%clk 00:25:44]} {[%emt 00:00:01]} e6 {[%clk 00:25:54]} {[%emt 00:00:02]} 10.
Bf4 {[%clk 00:25:07]} {[%emt 00:00:46]} Qa5+ {[%clk 00:25:43]} {[%emt
00:00:21]} 11. c3 {[%clk 00:20:33]} {[%emt 00:04:44]} Ngf6 {[%clk 00:24:45]}
{[%emt 00:01:07]} 12. O-O {[%clk 00:20:35]} {[%emt 00:00:08]} Be7 {[%clk
00:21:21]} {[%emt 00:03:35]} 13. Rfe1 {[%clk 00:15:41]} {[%emt 00:05:03]} O-O
{[%clk 00:20:59]} {[%emt 00:00:32]} 14. Nf5 {[%clk 00:11:53]} {[%emt 00:03:58]}
exf5 {[%clk 00:15:19]} {[%emt 00:05:50]} 15. Rxe7 {[%clk 00:12:00]} {[%emt
00:00:02]} Rfe8 {[%clk 00:12:16]} {[%emt 00:03:14]} 16. Rae1 {[%clk 00:06:10]}
{[%emt 00:06:00]} Rxe7 {[%clk 00:12:13]} {[%emt 00:00:13]} 17. Rxe7 {[%clk
00:06:19]} {[%emt 00:00:01]} Qd8 {[%clk 00:12:21]} {[%emt 00:00:02]} 18. Re2
{[%clk 00:05:25]} {[%emt 00:01:03]} Ne4 {[%clk 00:12:25]} {[%emt 00:00:07]} 19.
g3 {[%clk 00:04:12]} {[%emt 00:01:24]} Ndf6 {[%clk 00:08:55]} {[%emt 00:03:40]}
20. Ne5 {[%clk 00:03:53]} {[%emt 00:00:29]} Nd5 {[%clk 00:08:47]} {[%emt
00:00:17]} 21. Bc1 {[%clk 00:03:42]} {[%emt 00:00:21]} h5 {[%clk 00:07:43]}
{[%emt 00:01:15]} 22. Kg2 {[%clk 00:03:26]} {[%emt 00:00:26]} f6 {[%clk
00:06:59]} {[%emt 00:00:55]} 23. f3 {[%clk 00:00:59]} {[%emt 00:02:36]} fxe5
{[%clk 00:02:59]} {[%emt 00:04:09]} 24. fxe4 {[%clk 00:01:08]} {[%emt
00:00:02]} fxe4 {[%clk 00:02:26]} {[%emt 00:00:44]} 25. Qxe4 {[%clk 00:00:57]}
{[%emt 00:00:20]} exd4 {[%clk 00:02:21]} {[%emt 00:00:15]} 26. Qe6+ {[%clk
00:00:48]} {[%emt 00:00:19]} Kh8 {[%clk 00:01:30]} {[%emt 00:01:01]} 27. Re5
{[%clk 00:00:37]} {[%emt 00:00:21]} Nf6 {[%clk 00:01:29]} {[%emt 00:00:11]} 28.
Bg5 {[%clk 00:00:44]} {[%emt 00:00:03]} Qg8 {[%clk 00:00:58]} {[%emt 00:00:42]}
29. Bxf6 {[%clk 00:00:22]} {[%emt 00:00:31]} Qxe6 {[%clk 00:01:05]} {[%emt
00:00:03]} 30. Rxe6 {[%clk 00:00:27]} {[%emt 00:00:06]} gxf6 {[%clk 00:01:14]}
{[%emt 00:00:01]} 31. cxd4 {[%clk 00:00:33]} {[%emt 00:00:03]} Rd8 {[%clk
00:01:12]} {[%emt 00:00:12]} 32. Re7 {[%clk 00:00:30]} {[%emt 00:00:14]} b6
{[%clk 00:00:55]} {[%emt 00:00:27]} 33. Rxa7 {[%clk 00:00:17]} {[%emt
00:00:22]} Rxd4 {[%clk 00:01:04]} {[%emt 00:00:01]} 34. Kf3 {[%clk 00:00:22]}
{[%emt 00:00:05]} Kg8 {[%clk 00:01:00]} {[%emt 00:00:13]} 35. Rb7 {[%clk
00:00:13]} {[%emt 00:00:20]} b5 {[%clk 00:00:34]} {[%emt 00:00:36]} 36. b3
{[%clk 00:00:21]} {[%emt 00:00:02]} Rd2 {[%clk 00:00:33]} {[%emt 00:00:11]} 37.
Ra7 {[%clk 00:00:16]} {[%emt 00:00:14]} c5 {[%clk 00:00:20]} {[%emt 00:00:24]}
38. Ra5 {[%clk 00:00:19]} {[%emt 00:00:07]} c4 {[%clk 00:00:18]} {[%emt
00:00:12]} 39. Rxb5 {[%clk 00:00:27]} {[%emt 00:00:02]} Rxa2 {[%clk 00:00:17]}
{[%emt 00:00:11]} 40. bxc4 {[%clk 00:00:35]} {[%emt 00:00:03]} Rc2 {[%clk
00:00:25]} 41. c5 {[%clk 00:00:30]} {[%emt 00:00:15]} Rc4 {[%clk 00:00:26]}
{[%emt 00:00:10]} 42. Ke3 {[%clk 00:00:36]} {[%emt 00:00:03]} Kf7 {[%clk
00:00:35]} {[%emt 00:00:01]} 43. Kd3 {[%clk 00:00:44]} {[%emt 00:00:02]} Rg4
{[%clk 00:00:34]} {[%emt 00:00:11]} 44. c6 {[%clk 00:00:45]} {[%emt 00:00:09]}
Ke7 {[%clk 00:00:19]} {[%emt 00:00:25]} 45. Rd5 {[%clk 00:00:35]} {[%emt
00:00:19]} Rxg3+ {[%clk 00:00:26]} {[%emt 00:00:02]} 46. Kc4 {[%clk 00:00:23]}
{[%emt 00:00:23]} Rg1 {[%clk 00:00:21]} {[%emt 00:00:15]} 47. Kb5 {[%clk
00:00:17]} {[%emt 00:00:16]} Ke6 {[%clk 00:00:19]} {[%emt 00:00:12]} 48. Rc5
{[%clk 00:00:14]} {[%emt 00:00:13]} Rg8 {[%clk 00:00:15]} {[%emt 00:00:13]} 49.
c7 {[%clk 00:00:16]} {[%emt 00:00:07]} Kd7 {[%clk 00:00:23]} {[%emt 00:00:02]}
50. Kb6 {[%clk 00:00:25]} {[%emt 00:00:02]} Kc8 {[%clk 00:00:11]} {[%emt
00:00:23]} 51. Ra5 {[%clk 00:00:31]} {[%emt 00:00:03]} Kd7 {[%clk 00:00:19]}
{[%emt 00:00:02]} 52. Kb7 {[%clk 00:00:30]} {[%emt 00:00:11]} Ke6 {[%clk
00:00:16]} {[%emt 00:00:13]} 53. Rxh5 {[%clk 00:00:23]} {[%emt 00:00:17]} 1-0

[Event "World Cup 2023 Open"]
[Site "Baku, Azerbaijan"]
[Date "2023.08.04"]
[Round "13.6"]
[White "Le Quang Liem (VIE)"]
[Black "Ivanisevic Ivan (SRB)"]
[Result "1-0"]
[WhiteFideId "12401137"]
[BlackFideId "912417"]
[WhiteElo "2728"]
[BlackElo "2536"]

1. d4 {[%clk 00:25:17]} {[%emt 00:00:02]} d5 {[%clk 00:25:19]} {[%emt
00:00:02]} 2. Nf3 {[%clk 00:25:25]} {[%emt 00:00:02]} Nf6 {[%clk 00:25:27]}
{[%emt 00:00:02]} 3. c4 {[%clk 00:25:32]} {[%emt 00:00:03]} e6 {[%clk
00:25:34]} {[%emt 00:00:03]} 4. g3 {[%clk 00:25:37]} {[%emt 00:00:05]} h6
{[%clk 00:25:41]} {[%emt 00:00:03]} 5. Bg2 {[%clk 00:25:45]} {[%emt 00:00:02]}
Bd6 {[%clk 00:25:50]} {[%emt 00:00:02]} 6. O-O {[%clk 00:25:52]} {[%emt
00:00:03]} O-O {[%clk 00:25:58]} {[%emt 00:00:02]} 7. Qc2 {[%clk 00:25:59]}
{[%emt 00:00:03]} b6 {[%clk 00:26:02]} {[%emt 00:00:05]} 8. Nc3 {[%clk
00:26:07]} {[%emt 00:00:02]} Bb7 {[%clk 00:26:02]} {[%emt 00:00:10]} 9. cxd5
{[%clk 00:26:15]} {[%emt 00:00:03]} exd5 {[%clk 00:25:55]} {[%emt 00:00:17]} 10.
Nb5 {[%clk 00:26:22]} {[%emt 00:00:02]} Nc6 {[%clk 00:25:21]} {[%emt 00:00:44]}
11. Nxd6 {[%clk 00:26:25]} {[%emt 00:00:07]} cxd6 {[%clk 00:25:29]} {[%emt
00:00:02]} 12. Bd2 {[%clk 00:26:25]} {[%emt 00:00:09]} Re8 {[%clk 00:24:38]}
{[%emt 00:01:01]} 13. e3 {[%clk 00:26:23]} {[%emt 00:00:12]} Ne4 {[%clk
00:22:17]} {[%emt 00:02:31]} 14. Rfc1 {[%clk 00:26:15]} {[%emt 00:00:18]} Qf6
{[%clk 00:21:51]} {[%emt 00:00:37]} 15. Be1 {[%clk 00:26:15]} {[%emt 00:00:10]}
Rac8 {[%clk 00:21:26]} {[%emt 00:00:35]} 16. Qa4 {[%clk 00:25:57]} {[%emt
00:00:28]} Qe6 {[%clk 00:19:35]} {[%emt 00:02:02]} 17. Rc2 {[%clk 00:25:39]}
{[%emt 00:00:28]} a6 {[%clk 00:12:33]} {[%emt 00:07:13]} 18. Rac1 {[%clk
00:24:18]} {[%emt 00:01:30]} b5 {[%clk 00:12:34]} {[%emt 00:00:09]} 19. Qb3
{[%clk 00:24:25]} {[%emt 00:00:02]} Na7 {[%clk 00:12:36]} {[%emt 00:00:09]} 20.
Nd2 {[%clk 00:22:51]} {[%emt 00:01:44]} Qd7 {[%clk 00:10:52]} {[%emt 00:01:54]}
21. Nf1 {[%clk 00:22:27]} {[%emt 00:00:33]} Rc4 {[%clk 00:10:51]} {[%emt
00:00:11]} 22. f3 {[%clk 00:22:29]} {[%emt 00:00:08]} Ng5 {[%clk 00:10:54]}
{[%emt 00:00:07]} 23. Qd3 {[%clk 00:21:40]} {[%emt 00:01:00]} Nc6 {[%clk
00:10:52]} {[%emt 00:00:13]} 24. b3 {[%clk 00:21:18]} {[%emt 00:00:31]} Rxc2
{[%clk 00:11:00]} {[%emt 00:00:02]} 25. Rxc2 {[%clk 00:21:20]} {[%emt
00:00:08]} h5 {[%clk 00:10:45]} {[%emt 00:00:24]} 26. h4 {[%clk 00:20:52]}
{[%emt 00:00:38]} Nh7 {[%clk 00:10:54]} {[%emt 00:00:02]} 27. Kh2 {[%clk
00:20:33]} {[%emt 00:00:29]} Nf6 {[%clk 00:10:40]} {[%emt 00:00:24]} 28. Bh3
{[%clk 00:20:30]} {[%emt 00:00:13]} Qe7 {[%clk 00:10:49]} {[%emt 00:00:02]} 29.
Qd2 {[%clk 00:19:25]} {[%emt 00:01:15]} a5 {[%clk 00:10:01]} {[%emt 00:00:59]}
30. Kg2 {[%clk 00:19:20]} {[%emt 00:00:15]} b4 {[%clk 00:10:05]} {[%emt
00:00:06]} 31. Qc1 {[%clk 00:19:13]} {[%emt 00:00:16]} Qc7 {[%clk 00:09:05]}
{[%emt 00:01:10]} 32. Nh2 {[%clk 00:19:10]} {[%emt 00:00:13]} Qb6 {[%clk
00:09:08]} {[%emt 00:00:07]} 33. g4 {[%clk 00:19:14]} {[%emt 00:00:06]} Na7
{[%clk 00:08:03]} {[%emt 00:01:16]} 34. g5 {[%clk 00:19:12]} {[%emt 00:00:11]}
Nh7 {[%clk 00:08:12]} {[%emt 00:00:01]} 35. Nf1 {[%clk 00:19:04]} {[%emt
00:00:18]} Nf8 {[%clk 00:08:13]} {[%emt 00:00:09]} 36. Ng3 {[%clk 00:19:09]}
{[%emt 00:00:05]} g6 {[%clk 00:08:22]} {[%emt 00:00:02]} 37. Ne2 {[%clk
00:19:11]} {[%emt 00:00:07]} Nb5 {[%clk 00:08:30]} {[%emt 00:00:02]} 38. Nf4
{[%clk 00:18:55]} {[%emt 00:00:25]} Qd8 {[%clk 00:08:19]} {[%emt 00:00:21]} 39.
Kf2 {[%clk 00:18:19]} {[%emt 00:00:45]} Qb8 {[%clk 00:07:10]} {[%emt 00:01:19]}
40. Bf1 {[%clk 00:15:49]} {[%emt 00:02:41]} Na3 {[%clk 00:05:44]} {[%emt
00:01:36]} 41. Rc7 {[%clk 00:15:52]} {[%emt 00:00:06]} Ba8 {[%clk 00:05:40]}
{[%emt 00:00:15]} 42. Bd3 {[%clk 00:13:25]} {[%emt 00:02:37]} Nc4 {[%clk
00:05:42]} {[%emt 00:00:09]} 43. Rxf7 {[%clk 00:13:18]} {[%emt 00:00:17]} Kxf7
{[%clk 00:05:25]} {[%emt 00:00:26]} 44. bxc4 {[%clk 00:13:26]} {[%emt
00:00:02]} dxc4 {[%clk 00:05:31]} {[%emt 00:00:05]} 45. Qxc4+ {[%clk 00:13:08]}
{[%emt 00:00:28]} Kg7 {[%clk 00:05:39]} {[%emt 00:00:02]} 46. Bd2 {[%clk
00:12:05]} {[%emt 00:01:12]} Qb6 {[%clk 00:04:55]} {[%emt 00:00:54]} 47. e4
{[%clk 00:10:40]} {[%emt 00:01:35]} Bb7 {[%clk 00:04:40]} {[%emt 00:00:26]} 48.
Nd5 {[%clk 00:10:02]} {[%emt 00:00:47]} Qc6 {[%clk 00:04:13]} {[%emt 00:00:38]}
49. Nf6 {[%clk 00:10:10]} {[%emt 00:00:02]} d5 {[%clk 00:02:36]} {[%emt
00:01:47]} 50. exd5 {[%clk 00:09:19]} {[%emt 00:01:00]} Qc8 {[%clk 00:02:12]}
{[%emt 00:00:34]} 51. Qc7+ {[%clk 00:09:04]} {[%emt 00:00:24]} 1-0